000 00989nam1a2200277 i 4500
001 RU\NLR\BIBL_A\011975109
005 20260408172100.0
035 _a(NLR Aleph) 011975109
090 _a11278463
_c11278463
100 _a20190315g20199999km y0rusy50 ca
101 0 _arus
102 _aRU
105 _a||||z||||||||
200 1 _aСимметрия Мира
_e[философское размышление и математический анализ]
_fСемиколенов Е. И.
210 _aБарнаул
_cКолмогоров И.А.
_d2019
215 _d21
606 _aСимметрия в космологии
_91388937
_3RU\NLR\AUTH\66583672
606 _aМатематический анализ
_xФилософские основы
_3RU\NLR\AUTH\66669497
_91536284
686 1 _aЮ252:В69
686 1 _aВ1
700 1 _aСемиколенов
_bЕ. И.
852 _aNLR
_j2019-3/7523
942 _cBOOK
980 _aNBR